[Event "CRO-Ch 2018"]
[Site "Pozega"]
[Date "2018.04.26"]
[Round "10.5"]
[White "Kozul, Zdenko"]
[Black "Martinovic, Sasa"]
[Result "0-1"]
[WhiteElo "2611"]
[BlackElo "2594"]
[PlyCount "156"]
[EventDate "2018.??.??"]
[WhiteClock "1:29:00"]
[BlackClock "1:30:00"]

1. d4 d5 2. Nf3 Nf6 3. c4 c6 4. e3 e6 5. Bd3 Bd6 6. O-O O-O 7. Nbd2 c5 8. dxc5
Bxc5 9. a3 a5 10. Qc2 dxc4 11. Nxc4 Nbd7 12. e4 b5 13. Ncd2 Bb7 14. Bxb5 Rc8
15. Qd3 Qc7 16. Qe2 Rfd8 17. Ba6 Bxa6 18. Qxa6 Ng4 19. Qe2 a4 20. h3 Nxf2 21.
Rxf2 Bxf2+ 22. Kxf2 Nc5 23. Ne1 Rd4 24. Ndf3 Nxe4+ 25. Kg1 Ng3 26. Qf2 Rd1 27.
Bf4 Rxe1+ 28. Rxe1 Qxf4 29. Ne5 Qxf2+ 30. Kxf2 Nf5 31. Re4 Rc2+ 32. Re2 Rc5 33.
Nd3 Rd5 34. Nb4 Rd1 35. Na2 Rd4 36. Nc3 Nd6 37. Ke1 Kf8 38. Re5 Nc4 39. Rb5 Ne3
40. Ra5 Nxg2+ 41. Ke2 Nf4+ 42. Ke3 Rc4 43. Ne4 Nd5+ 44. Kd3 Rc6 45. Rxa4 f5 46.
Ra8+ Ke7 47. Ng5 h6 48. Nf3 Rd6 49. Kc2 Nb6 50. Rg8 Kf7 51. Rh8 Nd7 52. Rd8 Ke7
53. Rg8 Kf7 54. Rd8 Ke7 55. Rg8 Kf6 56. Nd2 e5 57. a4 e4 58. a5 Ne5 59. Rf8+
Kg5 60. Re8 Kf4 61. Nb1 Nc6 62. Nc3 Nxa5 63. b4 Nc6 64. Kb3 e3 65. b5 Nd8 66.
Kc4 Kf3 67. b6 Rc6+ 68. Kd3 Rd6+ 69. Kc4 f4 70. Nb5 Rd7 71. Nc3 g5 72. Re5 Rd6
73. Rb5 e2 74. Rb1 Rc6+ 75. Kd3 Rd6+ 76. Kc2 Rxb6 77. Re1 Rc6 78. Kd2 Rxc3 0-1

[Event "CRO-Ch 2018"]
[Site "Pozega"]
[Date "2018.04.26"]
[Round "10.6"]
[White "Saric, Ante"]
[Black "Stevic, Hrvoje"]
[Result "1/2-1/2"]
[WhiteElo "2541"]
[BlackElo "2587"]
[PlyCount "45"]
[EventDate "2018.??.??"]
[WhiteClock "1:27:00"]
[BlackClock "1:30:00"]

1. c4 c5 2. Nf3 Nc6 3. d4 cxd4 4. Nxd4 Nf6 5. Nc3 e6 6. Ndb5 d5 7. Bf4 e5 8.
cxd5 exf4 9. dxc6 bxc6 10. Qxd8+ Kxd8 11. O-O-O+ Bd7 12. Nd6 Bxd6 13. Rxd6 Ng4
14. Nd1 Kc7 15. Rd4 g5 16. g3 fxg3 17. hxg3 h5 18. Bg2 Rae8 19. Bf3 f5 20. Ra4
Kb6 21. Rb4+ Kc7 22. Ra4 Kb6 23. Rb4+ 1/2-1/2

[Event "CRO-Ch 2018"]
[Site "Pozega"]
[Date "2018.04.27"]
[Round "11.2"]
[White "Martinovic, Sasa"]
[Black "Saric, Ante"]
[Result "1/2-1/2"]
[WhiteElo "2594"]
[BlackElo "2541"]
[PlyCount "53"]
[EventDate "2018.??.??"]
[WhiteClock "1:30:00"]
[BlackClock "1:30:00"]

1. d4 d5 2. c4 e6 3. Nc3 Nf6 4. cxd5 Nxd5 5. e4 Nxc3 6. bxc3 c5 7. Rb1 Be7 8.
Nf3 O-O 9. Bc4 a6 10. a4 Qc7 11. Be2 cxd4 12. cxd4 b6 13. Bd2 Bb7 14. Bd3 Rd8
15. Qb3 Nd7 16. O-O Rac8 17. Rfe1 h6 18. h3 Bf8 19. h4 Qd6 20. Qa2 Qb8 21. Qb2
Qa8 22. Bf4 a5 23. Qe2 Bc6 24. Bc2 Bb7 25. Bd3 Bc6 26. Bc2 Bb7 27. Bd3 1/2-1/2

[Event "CRO-Ch 2018"]
[Site "Pozega"]
[Date "2018.04.27"]
[Round "11.3"]
[White "Kovacevic, Blazimir"]
[Black "Kozul, Zdenko"]
[Result "1/2-1/2"]
[WhiteElo "2493"]
[BlackElo "2611"]
[PlyCount "170"]
[EventDate "2018.??.??"]
[WhiteClock "1:30:00"]
[BlackClock "1:30:00"]

1. d4 Nf6 2. Nf3 g6 3. Nbd2 d5 4. e3 Bg7 5. b4 O-O 6. c4 Bg4 7. Bb2 c6 8. Be2
Nbd7 9. O-O e6 10. h3 Bxf3 11. Bxf3 Re8 12. Qb3 a5 13. bxa5 Qxa5 14. Bc3 Qa3
15. Rfb1 b6 16. e4 dxe4 17. Nxe4 Nxe4 18. Bxe4 Rec8 19. Bb2 Qa4 20. Rd1 Ra7 21.
Bc2 Qa5 22. a4 Qh5 23. Rab1 Qh4 24. d5 exd5 25. Bxg7 Kxg7 26. cxd5 c5 27. d6 c4
28. Qe3 Qf6 29. Rb5 Raa8 30. Qe7 Rd8 31. Qxf6+ Kxf6 32. Rd4 Rdc8 33. Rb4 Ke5
34. Rbxc4 Rxc4 35. Rxc4 Kxd6 36. Rd4+ Ke7 37. Rb4 Rc8 38. Bd3 Rc1+ 39. Kh2 h5
40. g3 Ra1 41. Ba6 Nc5 42. Rxb6 Rxa4 43. Bf1 Ra2 44. Kg1 Rd2 45. Bc4 Rd4 46.
Be2 h4 47. Rc6 Ne6 48. Rc4 Rd2 49. Re4 f5 50. Re3 Kf6 51. Bc4 Nc5 52. gxh4 Rd4
53. Bb5 Rxh4 54. Ra3 Rb4 55. Be8 Rb8 56. Bc6 Ne6 57. Ra4 Ke5 58. Ra5+ Kd6 59.
Bg2 Nf4 60. Kh2 Ke6 61. Kg3 Rb4 62. Bf3 Kf6 63. Ra6+ Kg7 64. Rd6 Kh6 65. h4 Rc4
66. Bd1 Nh5+ 67. Bxh5 Kxh5 68. f4 Rc1 69. Ra6 Rg1+ 70. Kf3 Rh1 71. Kg3 Rg1+ 72.
Kf3 Kxh4 73. Kf2 Rg4 74. Kf3 Kh3 75. Rb6 Kh4 76. Ra6 Kh5 77. Ra8 Kh6 78. Ra1
Rh4 79. Kg3 Rh5 80. Rb1 Kg7 81. Rb7+ Kf8 82. Rb8+ Ke7 83. Rb7+ Kd8 84. Rb6 Rh6
85. Ra6 Ke8 1/2-1/2

[Event "CRO-Ch 2018"]
[Site "Pozega"]
[Date "2018.04.27"]
[Round "11.4"]
[White "Saric, Ivan"]
[Black "Fercec, Nenad"]
[Result "1-0"]
[WhiteElo "2677"]
[BlackElo "2446"]
[PlyCount "93"]
[EventDate "2018.??.??"]
[WhiteClock "1:28:00"]
[BlackClock "1:30:00"]

1. e4 e5 2. Nf3 Nc6 3. Bb5 a6 4. Ba4 Nf6 5. O-O Be7 6. Re1 b5 7. Bb3 d6 8. c3
O-O 9. h3 Nb8 10. d4 Nbd7 11. Nbd2 Bb7 12. Bc2 Re8 13. Nf1 Bf8 14. Ng3 g6 15.
a4 Rb8 16. b3 Bg7 17. d5 Nc5 18. Be3 c6 19. axb5 cxb5 20. Qd2 Rc8 21. c4 bxc4
22. bxc4 Nfd7 23. Reb1 Qc7 24. Ba4 Nxa4 25. Rxa4 Ra8 26. Rab4 Bc8 27. Bb6 Nxb6
28. Rxb6 Bf8 29. Qa2 a5 30. Ne2 a4 31. Nc3 Bd7 32. Rb7 Qc8 33. Qa3 Rd8 34. R1b4
Ra5 35. Nd2 Bh6 36. Rb8 Bxd2 37. Rxc8 Rxc8 38. Rb7 Be8 39. Nb5 Bxb5 40. cxb5
Bc1 41. Qxd6 a3 42. Rb8 Rxb8 43. Qxb8+ Kg7 44. Qxe5+ Kg8 45. Qc3 Rxb5 46. Qc8+
Kg7 47. Qxc1 1-0

[Event "CRO-Ch 2018"]
[Site "Pozega"]
[Date "2018.04.27"]
[Round "11.5"]
[White "Bosiocic, Marin"]
[Black "Palac, Mladen"]
[Result "1-0"]
[WhiteElo "2605"]
[BlackElo "2551"]
[PlyCount "81"]
[EventDate "2018.??.??"]
[WhiteClock "1:30:00"]
[BlackClock "1:30:00"]

1. d4 Nf6 2. c4 e6 3. Nf3 d5 4. g3 Bb4+ 5. Nbd2 dxc4 6. Bg2 b5 7. O-O a5 8. a3
Be7 9. b3 cxb3 10. Qxb3 c6 11. Bb2 O-O 12. Ne5 Bb7 13. Rfc1 Nd5 14. Ne4 Nb6 15.
Rab1 Na4 16. Ba1 Ra6 17. Nc5 Nxc5 18. dxc5 Qc7 19. Rd1 Bc8 20. Qc3 f6 21. Nd3
e5 22. a4 b4 23. Qc4+ Kh8 24. f4 Nd7 25. fxe5 Nxe5 26. Bxe5 fxe5 27. Rf1 Ra8
28. Rxf8+ Bxf8 29. Rf1 Qe7 30. Bxc6 Ba6 31. Bb5 Bxb5 32. axb5 e4 33. Rf7 Qe8
34. Rxf8+ Qxf8 35. Ne5 g6 36. Nd7 Qf5 37. Qd4+ Kg8 38. b6 b3 39. b7 Rd8 40.
Nf6+ Kf7 41. Qxd8 1-0

[Event "CRO-Ch 2018"]
[Site "Pozega"]
[Date "2018.04.27"]
[Round "11.6"]
[White "Brkic, Ante"]
[Black "Jovanovic, Zoran"]
[Result "1-0"]
[WhiteElo "2596"]
[BlackElo "2536"]
[PlyCount "187"]
[EventDate "2018.??.??"]
[WhiteClock "1:30:00"]
[BlackClock "1:30:00"]

1. e4 g6 2. d4 c6 3. Nc3 d5 4. e5 f6 5. f4 Nh6 6. Nf3 Bg4 7. h3 Bxf3 8. Qxf3
Nf5 9. Ne2 fxe5 10. dxe5 e6 11. Bd2 Nd7 12. O-O-O Nc5 13. g4 Nh4 14. Qe3 Ne4
15. Be1 Bc5 16. Nd4 O-O 17. c3 Qe7 18. Rh2 Rf7 19. Bd3 Raf8 20. Bxe4 dxe4 21.
Bg3 Nf3 22. Rf2 g5 23. fxg5 Bxd4 24. cxd4 Nxg5 25. Rf6 h6 26. h4 Nh7 27. g5
hxg5 28. hxg5 Rg7 29. Bf4 c5 30. dxc5 Rc8 31. Kb1 Qe8 32. Rh6 Nf8 33. Rf6 Qh5
34. Rf1 Rd8 35. Qxe4 Rd1+ 36. Bc1 Rxf1 37. Rxf1 Rd7 38. c6 bxc6 39. Qxc6 Qg6+
40. Qc2 Qxc2+ 41. Kxc2 Rd5 42. Rf3 Rxe5 43. Rc3 a5 44. Rc7 Rd5 45. Bd2 Nh7 46.
g6 Nf8 47. Bh6 Rh5 48. Bxf8 Kxf8 49. g7+ Kg8 50. Kb3 Rb5+ 51. Ka3 Rb4 52. b3
Re4 53. Ra7 e5 54. Rxa5 Kxg7 55. b4 Re1 56. Ka4 e4 57. Rf5 Kg6 58. Rf8 Ra1 59.
a3 Kg5 60. b5 e3 61. Re8 Kf4 62. b6 Rb1 63. Ka5 Kf3 64. a4 e2 65. Ka6 Rb4 66.
Rxe2 Kxe2 67. a5 Kd3 68. b7 Kc4 69. Ka7 Kb5 70. b8=Q+ Kxa5 71. Qd8+ Kb5 72.
Qd5+ Ka4 73. Ka6 Ka3 74. Ka5 Ra4+ 75. Kb5 Rb4+ 76. Kc5 Rb2 77. Qd3+ Rb3 78.
Qa6+ Kb2 79. Kc4 Rc3+ 80. Kd4 Rb3 81. Qa5 Rb8 82. Kc4 Rg8 83. Qe5+ Kc2 84. Qe2+
Kc1 85. Qe6 Rg2 86. Qe3+ Kb2 87. Qe5+ Ka2 88. Kc3 Rb2 89. Qa5+ Kb1 90. Qa4 Rf2
91. Qd1+ Ka2 92. Qd5+ Kb1 93. Qb7+ Ka1 94. Qa7+ 1-0